000
00278nam a2200109Ia 4500
001
1264711
005
20260417141947.0
008
260417s9999 xx 000 0 und d
020
_a
9786051851051
245
0
_a
Üç Kardeştiler
_c
Georges Simenon
260
_b
Everest Yayınları
999
_c
1264711
_d
1264711